Senapang bemban : antologi 9 cerpen

Bibliographic Details
Format: Book
Published: Kuala Lumpur : Dewan Bahasa Dan Pustaka , 1988
Subjects:

MARC

LEADER 00000cam a2200000 7i4500
001 0000009302
002 000010132
005 20000330.0
020 |a 9836205624 
090 0 0 |a JF   |b SEN 
245 1 0 |a Senapang bemban :   |b antologi 9 cerpen 
260 |a Kuala Lumpur :   |b Dewan Bahasa Dan Pustaka ,   |c 1988 
300 |a 140p. :   |b ill ;   |c 18cm. 
650 0 0 |a Short stories 
999 |a 014134   |b BUKU   |c PINJAMAN   |e PERPUSTAKAAN KOMUNITI PETALING JAYA